000 00890nam a2200277Ia 4500
005 20260320195833.0
008 008 262003s9999 xx 000 0 hin d
020 _a9789388933704
037 _aEBOOK
040 _aCRL
040 _bhin
040 _cCRL
041 _2hin
041 _ahin
084 _qCRL
100 _aअनन्या मुखर्जी, उर्मिला गुप्ता, मृदुल भसीन, सं. प्रभात रंजन
_91133274
245 0 _aठहरती साँसों के सिरहाने से : जब ज़िन्दगी मौज ले रही थी
250 _a1st
260 _bRajkamal
260 _c2019
300 _a104
856 _uhttps://ebook.indiaread.in/pdfs/1243_jatil_rog_saral_upchar_1.pdf
942 _cEBOOK
999 _c1716767
_d1716767